A lucky escape (Record no. 76357)

MARC details
000 -LEADER
fixed length control field 01084cab a2200193 4500
001 - CONTROL NUMBER
control field ##L132185
008 - FIXED-LENGTH DATA ELEMENTS--GENERAL INFORMATION
fixed length control field 060117n2006 000 0 eng u
035 ## - SYSTEM CONTROL NUMBER
System control number (Sirsi) u132185
041 0# - LANGUAGE CODE
Language code of text/sound track or separate title eng
100 1# - MAIN ENTRY--PERSONAL NAME
Personal name Goodman, Michael
245 02 - TITLE STATEMENT
Title A lucky escape
260 ## - PUBLICATION, DISTRIBUTION, ETC.
Date of publication, distribution, etc. 2006
490 #0 - SERIES STATEMENT
Series statement Solicitors Journal
Volume/sequential designation 150(1) 13 January 2006, 14-15(2)
520 ## - SUMMARY, ETC.
Summary, etc. Reports the facts of, and comments upon, Huseyin Akici v L R Butlin Ltd ([2005] EWCA Civ 1296, L132172), where inadequate drafting of a notice under s146 of the Law of Property Act denied the landlord, B, the remedy of forfeiture. Warns that landlords must draft s146 notices very carefully, quoting from the lease the particular breach complained of. New leases should contain comprehensive alienation clauses preventing the tenant parting with or sharing occupation or possession.
590 ## - LOCAL NOTE (RLIN)
Local note IKA170106
650 24 - SUBJECT ADDED ENTRY--TOPICAL TERM
Topical term or geographic name entry element HUSEYIN AKICI V L R BUTLIN LTD
690 ## - LOCAL SUBJECT ADDED ENTRY--TOPICAL TERM (OCLC, RLIN)
Topical term or geographic name as entry element PROPERTY-COMMERCIAL PROPERTY-LEASEHOLD COMMERCIAL PROPERTY-COMMERCIAL LANDLORD AND TENANT-BUSINESS TENANCIES-FORFEITURE OF BUSINESS TENANCIES
942 ## - ADDED ENTRY ELEMENTS (KOHA)
Suppress in OPAC 0
Holdings
Withdrawn status Lost status Source of classification or shelving scheme Damaged status Not for loan Home library Current library Shelving location Date acquired Total Checkouts Full call number Barcode Date last seen Copy number Price effective from Koha item type
    Dewey Decimal Classification     London London Journal article 17/01/2006   L132185 132185-1001 06/08/2019 1 06/08/2019 Journal article